Loading...
| History - Other | 0 | 6 | 1 | 1 | 55 | 100 | 114.50 | 0 | 0 | 4.73 | 19.96 |
| History - European | 0 | 5 | 0 | 2 | 50 | 111 | 126.00 | 0 | 0 | 2.41 | 15.34 |
| Fine Arts - Painting & Sculpture | 0 | 4 | 0 | 0 | 40 | 69 | 121.50 | 1 | 1 | 2.79 | 11.72 |
| History - World | 0 | 4 | 1 | 1 | 35 | 98 | 124.50 | 0 | 1 | 2.60 | 17.03 |
| Current Events | 0 | 2 | 0 | 0 | 20 | 95 | 112.00 | 0 | 1 | 3.05 | 13.89 |
| Geography | 0 | 2 | 0 | 0 | 20 | 62 | 72.00 | 1 | 2 | 12.51 | 24.48 |
| History - American | 0 | 2 | 0 | 0 | 20 | 58 | 93.00 | 0 | 1 | 3.32 | 6.55 |
| Mythology | 0 | 1 | 0 | 1 | 10 | 145 | 145.00 | 0 | 0 | 0.00 | 0.63 |
| Other Academic | 0 | 1 | 0 | 0 | 10 | 111 | 111.00 | 0 | 0 | 2.24 | 4.17 |
| Philosophy | 0 | 1 | 0 | 1 | 10 | 141 | 141.00 | 0 | 0 | -0.04 | 1.02 |
| Religion | 0 | 1 | 0 | 0 | 10 | 119 | 119.00 | 0 | 0 | 0.81 | 3.53 |
| Science - Biology | 0 | 1 | 0 | 0 | 10 | 102 | 102.00 | 0 | 0 | 1.23 | 2.45 |